Understanding contemporary Africa / (Record no. 1913)
[ view plain ]
| 000 -LEADER | |
|---|---|
| fixed length control field | 01135pam a2200325 a 4500 |
| 001 - CONTROL NUMBER | |
| control field | 2578068 |
| 003 - CONTROL NUMBER IDENTIFIER | |
| control field | OSt |
| 005 - DATE AND TIME OF LATEST TRANSACTION | |
| control field | 20150527175140.0 |
| 008 - FIXED-LENGTH DATA ELEMENTS--GENERAL INFORMATION | |
| fixed length control field | 960314s1996 couab b 001 0 eng |
| 010 ## - LIBRARY OF CONGRESS CONTROL NUMBER | |
| LC control number | 96007581 |
| 020 ## - INTERNATIONAL STANDARD BOOK NUMBER | |
| International Standard Book Number | 1555875475 (alk. paper) |
| 040 ## - CATALOGING SOURCE | |
| Original cataloging agency | DLC |
| Transcribing agency | DLC |
| Modifying agency | DLC |
| 043 ## - GEOGRAPHIC AREA CODE | |
| Geographic area code | f------ |
| 050 00 - LIBRARY OF CONGRESS CALL NUMBER | |
| Classification number | DT30.5 |
| Item number | .U536 1996 |
| 082 00 - DEWEY DECIMAL CLASSIFICATION NUMBER | |
| Classification number | 960.3 UND 1996 |
| Edition number | 20 |
| 245 00 - TITLE STATEMENT | |
| Title | Understanding contemporary Africa / |
| Statement of responsibility, etc. | edited by April A. Gordon & Donald L. Gordon. |
| 250 ## - EDITION STATEMENT | |
| Edition statement | 2nd ed. |
| 260 ## - PUBLICATION, DISTRIBUTION, ETC. (IMPRINT) | |
| Place of publication, distribution, etc. | Boulder : |
| Name of publisher, distributor, etc. | L. Rienner Publishers, |
| Date of publication, distribution, etc. | 1996. |
| 300 ## - PHYSICAL DESCRIPTION | |
| Extent | xiv, 432 p. : |
| Other physical details | ill., maps ; |
| Dimensions | 23 cm. |
| 490 1# - SERIES STATEMENT | |
| Series statement | Understanding |
| 504 ## - BIBLIOGRAPHY, ETC. NOTE | |
| Bibliography, etc | Includes bibliographical references and index. |
| 651 #0 - SUBJECT ADDED ENTRY--GEOGRAPHIC NAME | |
| Geographic name | Africa |
| General subdivision | Politics and government |
| Chronological subdivision | 1960- |
| 9 (RLIN) | 1127 |
| 651 #0 - SUBJECT ADDED ENTRY--GEOGRAPHIC NAME | |
| Geographic name | Africa |
| General subdivision | Social conditions |
| Chronological subdivision | 1960- |
| 9 (RLIN) | 4999 |
| 700 1# - ADDED ENTRY--PERSONAL NAME | |
| Personal name | Gordon, April A. |
| 9 (RLIN) | 5031 |
| 700 1# - ADDED ENTRY--PERSONAL NAME | |
| Personal name | Gordon, Donald L. |
| 9 (RLIN) | 5032 |
| 830 #0 - SERIES ADDED ENTRY--UNIFORM TITLE | |
| Uniform title | Understanding (Boulder, Colo.) |
| 9 (RLIN) | 5033 |
| 906 ## - LOCAL DATA ELEMENT F, LDF (RLIN) | |
| a | 7 |
| b | cbc |
| c | orignew |
| d | 1 |
| e | ocip |
| f | 19 |
| g | y-gencatlg |
| 942 ## - ADDED ENTRY ELEMENTS (KOHA) | |
| Source of classification or shelving scheme | Other/Generic Classification Scheme |
| Koha item type | Short Loan |
| Withdrawn status | Lost status | Source of classification or shelving scheme | Damaged status | Not for loan | Home library | Current library | Date acquired | Source of acquisition | Inventory number | Total Checkouts | Full call number | Barcode | Date last seen | Price effective from | Koha item type |
|---|---|---|---|---|---|---|---|---|---|---|---|---|---|---|---|
| Other/Generic Classification Scheme | MUST Main Library | MUST Main Library | 27/05/2015 | 2000/13592 | 960.3 UND 1996 | 2015-1648 | 27/05/2015 | 27/05/2015 | Short Loan |
